TMS 2010 139th Annual Meeting and Exhibition - Supplemental Proceedings Volume 2 - Materials Characterization Computation Modeling and Energy
Saved in:
| Corporate Author | |
|---|---|
| Format | Electronic eBook |
| Language | English |
| Published |
[Place of publication not identified]
TMS (The Minerals Metals & Materials Society),
2010.
|
| Subjects | |
| Online Access | Full text |
| ISBN | 9780873397520 0873397525 1523105232 9781523105236 |
| Physical Description | 1 online resource |
Cover
| LEADER | 00000cam a2200000Mu 4500 | ||
|---|---|---|---|
| 001 | kn-ocn987019549 | ||
| 003 | OCoLC | ||
| 005 | 20240717213016.0 | ||
| 006 | m o d | ||
| 007 | cr cn||||||||| | ||
| 008 | 170509s2010 xx o 000 0 eng d | ||
| 040 | |a COO |b eng |e pn |c COO |d CEF |d STF |d OCLCQ |d AU@ |d SXB | ||
| 020 | |a 9780873397520 | ||
| 020 | |a 0873397525 | ||
| 020 | |a 1523105232 | ||
| 020 | |a 9781523105236 | ||
| 035 | |a (OCoLC)987019549 |z (OCoLC)1096684878 |z (OCoLC)1264846657 | ||
| 245 | 0 | 0 | |a TMS 2010 139th Annual Meeting and Exhibition - Supplemental Proceedings Volume 2 - Materials Characterization Computation Modeling and Energy / |c TMS (The Minerals Metals & Materials Society). |
| 260 | |a [Place of publication not identified] |b TMS (The Minerals Metals & Materials Society), |c 2010. | ||
| 300 | |a 1 online resource | ||
| 336 | |a text |b txt |2 rdacontent | ||
| 337 | |a computer |b c |2 rdamedia | ||
| 338 | |a online resource |b cr |2 rdacarrier | ||
| 500 | |a Title from content provider. | ||
| 506 | |a Plný text je dostupný pouze z IP adres počítačů Univerzity Tomáše Bati ve Zlíně nebo vzdáleným přístupem pro zaměstnance a studenty | ||
| 590 | |a Knovel |b Knovel (All titles) | ||
| 655 | 7 | |a elektronické knihy |7 fd186907 |2 czenas | |
| 655 | 9 | |a electronic books |2 eczenas | |
| 710 | 1 | |a TMS (The Minerals Metals & Materials Society) | |
| 776 | 0 | |z 0873397525 | |
| 856 | 4 | 0 | |u https://proxy.k.utb.cz/login?url=https://app.knovel.com/hotlink/toc/id:kpTMSAME0C/tms-2010-139th?kpromoter=marc |y Full text |